Bones, Bones , Dinosaurs Bones / (Record no. 3525)

MARC details
000 -LEADER
fixed length control field 00840nam a22002777a 4500
001 - CONTROL NUMBER
control field 3525
003 - CONTROL NUMBER IDENTIFIER
control field FISKH
005 - DATE AND TIME OF LATEST TRANSACTION
control field 20250815122500.0
008 - FIXED-LENGTH DATA ELEMENTS--GENERAL INFORMATION
fixed length control field 240315b cb ||||| |||| 00| 0 eng d
020 ## - INTERNATIONAL STANDARD BOOK NUMBER
International Standard Book Number 0439179777
040 ## - CATALOGING SOURCE
Original cataloging agency FISKH
Language of cataloging eng
Transcribing agency FISKH
Modifying agency FISKH
050 ## - LIBRARY OF CONGRESS CALL NUMBER
Classification number PZ7.B2848
082 ## - DEWEY DECIMAL CLASSIFICATION NUMBER
Classification number 567.91
100 ## - MAIN ENTRY--PERSONAL NAME
Personal name Barton, Byron
Relator term author
245 ## - TITLE STATEMENT
Title Bones, Bones , Dinosaurs Bones /
Statement of responsibility, etc. by Byron Barton
250 ## - EDITION STATEMENT
Edition statement First Scholastic printing , April 2000
260 ## - PUBLICATION, DISTRIBUTION, ETC.
Place of publication, distribution, etc. New York :
Name of publisher, distributor, etc. Scholastic ,
Date of publication, distribution, etc. 1990
300 ## - PHYSICAL DESCRIPTION
Extent 30 unnumbered pages :
Other physical details color illustrations ;
Dimensions 23 cm .
505 ## - FORMATTED CONTENTS NOTE
Formatted contents note E <br/>
520 ## - SUMMARY, ETC.
Summary, etc. A cast of characters looks for, finds, and assembles some dinosaur bones.
521 8# - TARGET AUDIENCE NOTE
Target audience note 290 <br/>
Source Lexile <br/>
521 8# - TARGET AUDIENCE NOTE
Target audience note E <br/>
Source Raz-Plus <br/>
650 ## - SUBJECT ADDED ENTRY--TOPICAL TERM
Topical term or geographic name entry element dinosaurs
Form subdivision Non-fiction
942 ## - ADDED ENTRY ELEMENTS (KOHA)
Source of classification or shelving scheme Dewey Decimal Classification
Koha item type Books
Suppress in OPAC No
Holdings
Withdrawn status Lost status Source of classification or shelving scheme Damaged status Not for loan Collection Home library Current library Shelving location Date acquired Total Checkouts Full call number Barcode Date last seen Date last checked out Price effective from Koha item type Copy number
    Dewey Decimal Classification     Juvenile Fiction Footprints International School Library Network Toul Tom Poung Campus Footprints International School Library Network Toul Tom Poung Campus TTP Primary Green Bookshelves 03/15/2024 1 BAR 567.91 PZ7.B2848 FISBK04296 10/08/2025 08/20/2025 03/15/2024 Books  
    Dewey Decimal Classification     Juvenile Fiction Footprints International School Library Network Toul Tom Poung Campus Footprints International School Library Network Toul Tom Poung Campus TTP Primary Green Bookshelves 08/15/2025   BAR 567.91 PZ7.B2848 FISBK04291 08/15/2025   08/15/2025 Books 2